The noble scholar, jurist, historian


 His Excellency Dr. Abdul Wahhab bin Ibrahim Abu Sulaiman, may Allah have mercy on him.


 He was born in Umm Al-Qura in the year 1356 AH.

الأقوال الملحقات على مختصر الورقات في الأصول الفقهيات ؛ (Record no. 14606)

MARC details
000 -LEADER
fixed length control field 01635cam a2200301 i 4500
003 - CONTROL NUMBER IDENTIFIER
control field SA-RiAUC
005 - DATE AND TIME OF LATEST TRANSACTION
control field 20260315141216.0
008 - FIXED-LENGTH DATA ELEMENTS--GENERAL INFORMATION
fixed length control field 260315s1900 su g 000r0 ara c
040 ## - CATALOGING SOURCE
Original cataloging agency SA-JeALM
Language of cataloging ara
Transcribing agency SA-RiAUC
Description conventions rda
082 04 - DEWEY DECIMAL CLASSIFICATION NUMBER
Classification number 251
Assigning agency SA-RiAUC
090 ## - LOCALLY ASSIGNED LC-TYPE CALL NUMBER (OCLC); LOCAL CALL NUMBER (RLIN)
Classification number (OCLC) (R) ; Classification number, CALL (RLIN) (NR) م ن 251
Local cutter number (OCLC) ; Book number/undivided call number, CALL (RLIN) ج ا و
100 1# - MAIN ENTRY--PERSONAL NAME
Personal name الجاوي، عبد الحق بن عبدالحنان،
Dates associated with a name 1285-1324 هجري
Relator term مؤلف.
245 12 - TITLE STATEMENT
Title الأقوال الملحقات على مختصر الورقات في الأصول الفقهيات ؛
Remainder of title ويليها الرسالة المنظومة في النحو /
Statement of responsibility, etc. لعبد الحق بن عبد الحنان الجاوي سبط النووي الثاني.
250 ## - EDITION STATEMENT
Edition statement الطبعة الأولى.
264 #3 - PRODUCTION, PUBLICATION, DISTRIBUTION, MANUFACTURE, AND COPYRIGHT NOTICE
Place of production, publication, distribution, manufacture مكة المكرمة :
Name of producer, publisher, distributor, manufacturer المطبعة الميرية
Date of production, publication, distribution, manufacture, or copyright notice ( 1900 )
300 ## - PHYSICAL DESCRIPTION
Extent 32 صفحة ؛
Dimensions 29 سم
336 ## - CONTENT TYPE
Content type term نص
Content type code txt
Source rdacontent
Materials specified كتاب
337 ## - MEDIA TYPE
Media type term بدون وسيط
Media type code n
Source rdamedia
650 #7 - SUBJECT ADDED ENTRY--TOPICAL TERM
Topical term or geographic name entry element أصول الفقه الإسلامي
Source of heading or term aucsh
700 12 - ADDED ENTRY--PERSONAL NAME
Personal name البكري، علي بن يعقوب بن جبريل،
Dates associated with a name 673-724 هجري
Title of a work مختصر الورقات في الأصول الفقهيات.
700 12 - ADDED ENTRY--PERSONAL NAME
Personal name إمام الحرمين، عبد الملك بن عبد الله بن يوسف،
Dates associated with a name 419-478 هجري.
Title of a work الورقات في أصول الفقه
740 22 - ADDED ENTRY--UNCONTROLLED RELATED/ANALYTICAL TITLE
Uncontrolled related/analytical title الورقات في أصول الفقه.
740 22 - ADDED ENTRY--UNCONTROLLED RELATED/ANALYTICAL TITLE
Uncontrolled related/analytical title الرسالة المنظومة في النحو.
740 02 - ADDED ENTRY--UNCONTROLLED RELATED/ANALYTICAL TITLE
Uncontrolled related/analytical title مختصر الورقات في الأصول الفقهيات.
942 ## - ADDED ENTRY ELEMENTS (KOHA)
Source of classification or shelving scheme Dewey Decimal Classification
Koha item type كتاب مصور نادر
Suppress in OPAC No
949 ## - LOCAL PROCESSING INFORMATION (OCLC)
a SA-JeALM
d 260315
u osman123
n 1
Holdings
Withdrawn status Lost status Source of classification or shelving scheme Damaged status Not for loan Home library Current library Date acquired Total checkouts Full call number Barcode Date last seen Price effective from Koha item type
    Dewey Decimal Classification     DR AbdElwahab Library DR AbdElwahab Library 03/15/2026   م ن 251 ج ا و 000023107 03/15/2026 03/15/2026 Books